Manual of traffic engineering studies (Record no. 33603)

000 -LEADER
fixed length control field 00526nam a22001937a 4500
001 - CONTROL NUMBER
control field 33603
003 - CONTROL NUMBER IDENTIFIER
control field BD-DhUET
008 - FIXED-LENGTH DATA ELEMENTS--GENERAL INFORMATION
fixed length control field 150917b xxu||||| |||| 00| 0 eng d
040 ## - CATALOGING SOURCE
Transcribing agency DLC
Modifying agency BD-DhUET
082 ## - DEWEY DECIMAL CLASSIFICATION NUMBER
Classification number 388.312
Item number CLE/1964
100 ## - MAIN ENTRY--PERSONAL NAME
Personal name Cleveland, Donald E.
245 ## - TITLE STATEMENT
Title Manual of traffic engineering studies
250 ## - EDITION STATEMENT
Edition statement 3rd ed.
260 ## - PUBLICATION, DISTRIBUTION, ETC. (IMPRINT)
Place of publication, distribution, etc. Woshington .D. C.
Name of publisher, distributor, etc. Institute of traffic Engineers
Date of publication, distribution, etc. 1964
300 ## - PHYSICAL DESCRIPTION
Extent xii, 187 p.
Other physical details ill
504 ## - BIBLIOGRAPHY, ETC. NOTE
Bibliography, etc Includes bibliographies
650 #0 - SUBJECT ADDED ENTRY--TOPICAL TERM
Topical term or geographic name as entry element Traffic engineering
942 ## - ADDED ENTRY ELEMENTS (KOHA)
Koha item type Edited Book
Holdings
Koha normalized classification for sorting Price effective from Date acquired Copy number Damaged status Koha full call number Source of classification or shelving scheme Not for loan Sublocation or collection (holding branch) Koha item type Koha date last seen Lost status Location (home branch) Piece designation (barcode) Withdrawn status Shelving location
388_312000000000000_CLE_19642015-09-172015-09-171 388.312/CLE/1964  Central Library, BUETEdited Book2015-09-17 Central Library, BUET84362 Reference section
388_312000000000000_CLE_19642017-03-122017-03-122 388.312/CLE/1964  Central Library, BUETEdited Book2017-03-25 Central Library, BUET22130 Circulation section
388_312000000000000_CLE_19642017-03-122017-03-123 388.312/CLE/1964  Central Library, BUETEdited Book2017-03-12 Central Library, BUET22128 Circulation section
388_312000000000000_CLE_19642017-03-122017-03-124 388.312/CLE/1964  Central Library, BUETEdited Book2017-03-12 Central Library, BUET22126 Circulation section
388_312000000000000_CLE_19642017-03-122017-03-125 388.312/CLE/1964  Central Library, BUETEdited Book2017-03-12 Central Library, BUET22127 Circulation section
388_312000000000000_CLE_19642017-03-122017-03-126 388.312/CLE/1964  Central Library, BUETEdited Book2017-03-12 Central Library, BUET22129 Circulation section